Bài tập đại số tuyến tính
Tallennettuna:
| Päätekijä: | |
|---|---|
| Muut tekijät: | |
| Aineistotyyppi: | Kirja |
| Julkaistu: |
Hà Nội
Giáo dục
2007
|
| Aiheet: | |
| Tagit: |
Lisää tagi
Ei tageja, Lisää ensimmäinen tagi!
|
| Thư viện lưu trữ: | Trung tâm Học liệu Lê Vũ Hùng, Trường Đại học Đồng Tháp |
|---|
| LEADER | 00718pam a22002178a 4500 | ||
|---|---|---|---|
| 001 | 00043800 | ||
| 005 | 20190314140330.0 | ||
| 008 | 110414s2000 ||||||Viesd | ||
| 020 | # | # | |c 11000 |
| 041 | 0 | # | |a Vie |
| 082 | 1 | 4 | |a 512.5 |b B103T |
| 100 | 0 | # | |a Hoàng Xuân Sính |
| 245 | 0 | 0 | |a Bài tập đại số tuyến tính |c Hoàng Xuân Sính, Trần Phương Dung |
| 260 | # | # | |a Hà Nội |b Giáo dục |c 2007 |
| 300 | # | # | |a 207 tr. |b Hình vẽ |c 21 cm. |
| 653 | # | # | |a Bài tập |
| 653 | # | # | |a Đại số tuyến tính |
| 700 | 0 | # | |a Trần, Phương Dung |
| 852 | # | # | |j KD.0025449 |
| 910 | # | # | |d 14/3/2019 |
| 980 | # | # | |a Trung tâm Học liệu Lê Vũ Hùng, Trường Đại học Đồng Tháp |